书目信息 |
| 题名: |
残余应力的产生和对策
|
|
| 作者: | 米谷茂 著 ;朱荆璞 , 邵会孟 译 | |
| 分册: | ||
| 出版信息: | 北京 机械工业出版社 1983 |
|
| 页数: | 344页 | |
| 开本: | 19cm | |
| 丛书名: | ||
| 单 册: | ||
| 中图分类: | O344 | |
| 科图分类: | ||
| 主题词: | 残余应力--研究 , 固体力学 | |
| 电子资源: | ||
| ISBN: | ||
| 000 | 00769nam0 2200277 45 | |
| 001 | 0183000674 | |
| 005 | 20040518083719.8 | |
| 010 | @dCNY1.15 | |
| 091 | @a15033.5340 | |
| 100 | @a19950726d1983 em y0chiy0121 ea | |
| 101 | 1 | @achi@cjpn |
| 102 | @aCN@b110000 | |
| 105 | @ay z 000yy | |
| 106 | @ar | |
| 200 | 10 | @a残余应力的产生和对策@Acan yu ying li de chan sheng he dui ce@f(日)米谷茂著@g朱荆璞,邵会孟译 |
| 210 | @a北京@c机械工业出版社@d1983 | |
| 215 | @a344页@d19cm | |
| 606 | @a残余应力@x研究 | |
| 606 | 0 | @a固体力学 |
| 690 | @aO344 | |
| 701 | 0 | @a米谷茂@Ami gu mao@4著 |
| 702 | 0 | @a朱荆璞@Azhu jing pu@4译 |
| 702 | 0 | @a邵会孟@Ashao hui meng@4译 |
| 801 | 0 | @aCN@b上海图书馆@c20040518 |
| 801 | 2 | @aCN@bNLC@c20040518 |
| 905 | @f1@b175523@dO344@e19 | |
| 残余应力的产生和对策/(日)米谷茂著/朱荆璞,邵会孟译.-北京:机械工业出版社,1983 |
| 344页;19cm |
| ISBN :CNY1.15 |
| ● |
| 相关链接 |
|
|
|
|
正题名:残余应力的产生和对策
索取号:O344/19
 
预约/预借
| 序号 | 登录号 | 条形码 | 馆藏地/架位号 | 状态 | 备注 |
| 1 | 0175523 | 000385461 | 第三借阅区/ [索取号:O344/19] | 在馆 | |
| 2 | 0175524 | 000385470 | 第二样本阅览室/ [索取号:O344/19] | 在馆 |